Operačný systém ako web CMS (WCM) - Zdieľaný prístup k dátam

Salvato in:
Dettagli Bibliografici
Autore principale: Šuran, Jakub (Autore)
Altri autori: Szabó, Gabriel (Relatore della tesi)
Natura: Manoscritto Libro
Lingua:slovacco
Pubblicazione: 2024
Soggetti:
Accesso online:http://is.stuba.sk/zp/portal_zp.pl?podrobnosti=148583
Tags: Aggiungi Tag
Nessun Tag, puoi essere il primo ad aggiungerne!!

MARC

LEADER 00000ntm a22000003a 4500
001 stuzp88106
003 SK-STU
005 20240615210304.5
007 ta
008 150427s2015----xo-----f-mn---000-0-slo-d
040 |a STU  |b slo 
041 0 |a slo 
100 1 |a Šuran, Jakub  |u 070400  |4 aut  |U FIIT Fakulta informatiky a informačných technológií  |T FIIT Ústav počítačového inžinierstva a aplikovanej informatiky  |X 97073  |U I400  |Y 672  |7 97073 
242 0 1 |a Operating system as web CMS (WCM) - Shared access to data  |y eng 
245 1 0 |a Operačný systém ako web CMS (WCM) - Zdieľaný prístup k dátam 
260 |c 2024 
650 4 |a linux  |2 slo 
650 4 |a cms  |2 slo 
650 4 |a api  |2 slo 
650 4 |a api  |2 eng 
650 4 |a cms  |2 eng 
650 4 |a linux  |2 eng 
700 1 |a Szabó, Gabriel  |4 ths  |X 22280  |7 A000022280 
856 4 |u http://is.stuba.sk/zp/portal_zp.pl?podrobnosti=148583